000 01362nam0a2200241 4500
001 RU\NLR\BIBL_A\012110625
005 20260406131734.0
035 _a(NLR Aleph) 012110625
090 _a13297373
_c13297373
100 _a20191003d1957 |||y0rusy50 ca
101 0 _achv
102 _aRU
105 _ay z 000 y
200 1 _aКашни ҫын пуҫне аш-какай, ҫу тата сӗт туса илес тӗлӗшпе ҫывӑх ҫулсенчех Америкӑри Пӗрлешӳллӗ Штатсене хуса ҫитмелле
_eРСФСР-ӑн Ҫурҫӗр Хӗвеланӑҫ пайӗнчи обл. автономиллӗ респ. ялхуҫалӑх работникӗсен Ленинград хулинче пулнӑ канашлӑвӗнче каланӑ сӑмах
_fН. С. Хрущев
210 _aШупашкар
_cЧӑваш АССР Гос. ид-ви
_d1957
215 _a35, [1] с.
_d21
541 1 _aВ ближайшие годы догнать Соединенные Штаты Америки по производству мяса, масла и молока на душу населения
_zrus
686 1 _aУ9(2)32
700 1 _4070
_7ca
_8rus
_aХрущев
_bН. С.
_f1894-1971
_gНикита Сергеевич
_9111620
_3RU\NLR\AUTH\771599
852 _aNLR
_bОНЛ
_jЧув./2-1611
942 _cBOOK
980 _aNB